000
00305nam a2200133Ia 4500
005
20251222144749.0
008
251222s9999||||xx |||||||||||||| ||spa||
020
_a
84-285-1084-9
082
_a
922.23/R81D
100
_a
Delgado, Jesús
245
0
_a
Oscar A. Romero:
264
_b
Paulinas
942
_c
LIB
999
_c
19275
_d
19275